So you're going to be a dad / (Record no. 4481)

MARC details
000 -LEADER
fixed length control field 00710nam a22002177a 4500
003 - CONTROL NUMBER IDENTIFIER
control field OSt
005 - DATE AND TIME OF LATEST TRANSACTION
control field 20250217025734.0
008 - FIXED-LENGTH DATA ELEMENTS--GENERAL INFORMATION
fixed length control field 250217t2000 |||||||| |||| 00| | eng d
020 ## - INTERNATIONAL STANDARD BOOK NUMBER
International Standard Book Number 1-55561-241-5
040 ## - CATALOGING SOURCE
Transcribing agency JMCFI - Learning Resource Center
082 ## - DEWEY DECIMAL CLASSIFICATION NUMBER
Classification number F.P./G.Ed. 306.874'2 D748 2000
100 ## - MAIN ENTRY--PERSONAL NAME
Personal name Downey, Peter
9 (RLIN) 11754
245 ## - TITLE STATEMENT
Title So you're going to be a dad /
Statement of responsibility, etc. Peter Downey.
260 ## - PUBLICATION, DISTRIBUTION, ETC.
Place of publication, distribution, etc. Cambridge :
Name of publisher, distributor, etc. Fisher Books ,
Date of publication, distribution, etc. 2000.
300 ## - PHYSICAL DESCRIPTION
Extent xiv, 194 pages ;
Dimensions 23 cm
500 ## - GENERAL NOTE
General note Includes appendixes, glossary, indexes, and biographical records.
504 ## - BIBLIOGRAPHY, ETC. NOTE
Bibliography, etc. note Includes bibliographical references.
650 ## - SUBJECT ADDED ENTRY--TOPICAL TERM
Topical term or geographic name entry element Fatherhood.
9 (RLIN) 11755
700 ## - ADDED ENTRY--PERSONAL NAME
Personal name Scott, Nik
Relator term illustrator
9 (RLIN) 11756
942 ## - ADDED ENTRY ELEMENTS (KOHA)
Source of classification or shelving scheme Dewey Decimal Classification
Koha item type Books
Suppress in OPAC No
Holdings
Withdrawn status Lost status Source of classification or shelving scheme Damaged status Not for loan Home library Current library Shelving location Date acquired Total Checkouts Full call number Barcode Date last seen Copy number Price effective from Koha item type
    Dewey Decimal Classification     LRC - College (Main) LRC - College (Main) Foreign Publications - General Education 11/14/2019   F.P./G.Ed. 306.874'2 D748 2000 00005683 02/17/2025 1 02/17/2025 Books